000 00395nam a2200169Ia 4500
100 _aAgrawal/Jai P
650 _aPower electronics
942 _cBK
366 _f25
654 _apower electronics
245 _aPower Electronics systems:Theory and design
260 _bPearson Education
_c2001
082 _a621.317
_bAGR
300 _a544
546 _aENGLISH
_cPAMPHALETS
999 _c19964
_d19964